In search of vikings (Record no. 5532)
[ view plain ]
| 000 -LEADER | |
|---|---|
| fixed length control field | 00694nam a22002297a 4500 |
| 005 - DATE AND TIME OF LATEST TRANSACTION | |
| control field | 20250519131902.0 |
| 008 - FIXED-LENGTH DATA ELEMENTS--GENERAL INFORMATION | |
| fixed length control field | 250519b |||||||| |||| 00| 0 eng d |
| 040 ## - CATALOGING SOURCE | |
| Transcribing agency | DepED Dasmarinas City |
| 245 ## - TITLE STATEMENT | |
| Title | In search of vikings |
| 250 ## - EDITION | |
| Edition statement | May 2000 Vol. 197 No. 5 |
| 490 ## - SERIES STATEMENT | |
| SERIES STATEMENT | National Geographic |
| 520 ## - SUMMARY, ETC. | |
| Summary, etc. | In Search of Vikings, Mystery ships From a Danish Bog, Queen of the African Sky, New Caledonia, Dawn of Humans, Ants and Plants, Cape Hatteras Lighthouse Mount St. Helens |
| 650 ## - SUBJECT ADDED ENTRY--TOPICAL TERM | |
| General subdivision | VIKINGS |
| 650 ## - SUBJECT ADDED ENTRY--TOPICAL TERM | |
| General subdivision | SHIPS |
| 650 ## - SUBJECT ADDED ENTRY--TOPICAL TERM | |
| General subdivision | QUEEN |
| 650 ## - SUBJECT ADDED ENTRY--TOPICAL TERM | |
| General subdivision | CALEDONIA |
| 650 ## - SUBJECT ADDED ENTRY--TOPICAL TERM | |
| General subdivision | SOUTH AFRICA |
| 650 ## - SUBJECT ADDED ENTRY--TOPICAL TERM | |
| General subdivision | ANTS AND PLANTS |
| 650 ## - SUBJECT ADDED ENTRY--TOPICAL TERM | |
| General subdivision | LIGHTHOUSE |
| 650 ## - SUBJECT ADDED ENTRY--TOPICAL TERM | |
| General subdivision | MOUNT ST. HELENS |
| 942 ## - ADDED ENTRY ELEMENTS (KOHA) | |
| Source of classification or shelving scheme | Dewey Decimal Classification |
| Koha item type | Continuing Resources |
| 999 ## - | |
| -- | 5532 |
| -- | 5532 |
| Homebranch | current branch | Barcode |
|---|---|---|
| DepED Dasmarinas City | DepED Dasmarinas City | DSMSR052000-052 |
